| 000 | 00339pab a2200133 454500 | ||
|---|---|---|---|
| 008 | 180718b1989 xxu||||| |||| 00| 0 eng d | ||
| 245 | _aSpecial issue on industrial economics | ||
| 260 | _c1989 | ||
| 300 | _a1-111 | ||
| 362 | _aOct.-Dec. | ||
| 650 | _aIndustrCal Development - India | ||
| 773 | _aIndian Economic Journal | ||
| 909 | _a10853 | ||
| 999 |
_c10853 _d10853 |
||